01137naa#a2200217#i#4500001002300000005001700023011001400040100004100054101000800095102000700103200024600110210016900356215001000525608004500535675010900580700005400689700005000743700006000793700005200853856001400905RU\INFRA-M\bibl\11388320260414153129.2##a2500-0535##a20260325b2026####ek#y0rusy0150####ca0#aENG##aRU1#aA semi-empirical approximate method for studying some issues of aeronomy of the ionospheric D-region. III. Detailed analysis of the photochemistry of the environment under conditions of increased ionizationeЖурнальная статья1#aМоскваcОбщество с ограниченной ответственностью «Научно-издательский центр ИНФРА-М»d2026##a6 с.##aЖурнальная статья2local##aФизические свойства. Состав и строение атмосферы. 551.510zENG#1aКозловgСтанислав Иванович#1aЛяховgАндрей Николаевич#1aНиколайшвилиgСергей Шотаевич#1aЯкимgВалентин Васильевич4#azh-szf.ru